LEADER 01520nam a2200313 u 4500 001 000000006835 003 CaOOAMICUS 005 20161017154201.0 008 941029s1921 fr u000 u fre u 032 $aLibriCat 035 $a10178229 040 $aDLC$bita$cTJC$dm/c$dCUY$dPUL(R) 100 1 $aHolleaux, Maurice,$d1861-1932.$0(OLS)http://pul/name/6942 245 10$aRome, la Grèce et les monarchies hellénistiques au IIIe siècle avant J. C. (273-205) /$cpar Maurice Holleaux. 260 $aParis :$bE. de Boccard,$c1921. 300 $aiv, 386 p. ;$c26 cm 490 1 $aBibliothèque des écoles françaises d'Athènes et de Rome ;$vfasc. 124 504 $aIncludes bibliographical references. 651 0$aGreece$xHistory.$2//eng$0(OLS)http://pul/subject/3400 651 0$aRome$xHistory.$2//eng$0(OLS)http://pul/subject/3125 651 0$aGreece$zRome$xForeign relations.$2//eng$0(OLS)http://pul/subject/6084 651 0$aRome$zGreece$xForeign relations.$2//eng$0(OLS)http://pul/subject/6085 830 0$aBibliothèque des écoles françaises d'Athènes et de Rome ;$vfasc. 124.$0(OLS)http://pul/title/260 850 $aPUL 852 $aPUL$W1$xDP1 Cons. Gen., Altre Classi 1$y22$m1039 H 1.124$j183045$qStampati$B186251$CPULBib$Z2$F186251 $82 941 1 $a8 996 $6245$aRome, la Grèce et les monarchies hellénistiques au IIIe siècle avant J. C. (273-205)$9(OLS)http://pul/title/10037 996 $6260$aParis :$bE. de Boccard$9(OLS)http://pul/publisher/48166 LEADER 01472nam a2200337 a 4500 001 000000174041 003 CaOOAMICUS 005 20201215105704.0 008 201215s2009 it u000 u ita r 020 $a978-88-86212-71-7* 032 $aLibriCat 040 $aPUL$bita 082 04$a227 130 0 $aBiblia.$pN.T.$pAd Philippenses.$lItaliano.$0(OLS)http://pul/title/43701 245 10$aLettera ai Filippesi : $bil cuore libero di Paolo in catene /$cGiuseppe Costa (ed.) 260 $aMessina :$bCoop. S. Tom. ;$aTorino :$bEllediCi,$c©2009. 300 $a183 p. ;$c24 cm 490 1 $aConvegni Ricerche Atti ;$v20 504 $aInclude riferimenti bibliografici. 630 04$aBiblia.$pN.T.$pAd Philippenses.$0(OLS)http://pul/subject/15112 700 1 $aCosta, Giuseppe.$0(OLS)http://pul/name/36931 830 0$aConvegni-Ricerche-Atti ;$v20.$0(OLS)http://pul/title/215264 850 $aPUL 852 $aPUL$W1$xSL Religione 3$y85$m227 COSGI 1$j198313$qDDC 21$B202929$CPULBib$Z2$F202929 $H134634 $82 941 1 $a9 996 $6020$a978-88-86212-71-7*$9(OLS)http://pul/number/167917 996 $6082$a227$9(OLS)http://pul/classification/522 996 $6245$aLettera ai Filippesi : $bil cuore libero di Paolo in catene$9(OLS)http://pul/title/215263 996 $6260$aMessina :$bCoop. S. Tom.$9(OLS)http://pul/publisher/75607 996 $6260$aTorino :$bEllediCi$9(OLS)http://pul/publisher/67120